000
00315nam a2200109Ia 4500
008
200302s9999 xx 000 0 und d
100
_a
Matthijs Van Oostrum and Other
245
_a
A Walking Tour ahmedabad sketches of the city's Architectural Treasures
260
_b
Mapin Publishing
260
_c
2017
300
_a
186
999
_c
6048
_d
6048